Signals, systems & transforms (Record no. 66120)

000 -LEADER
fixed length control field 00472nam a22001817a 4500
003 - CONTROL NUMBER IDENTIFIER
control field NUST - PNEC
005 - DATE AND TIME OF LATEST TRANSACTION
control field 20170116180939.0
008 - FIXED-LENGTH DATA ELEMENTS--GENERAL INFORMATION
fixed length control field 150907b xxu||||| |||| 00| 0 eng d
020 ## - INTERNATIONAL STANDARD BOOK NUMBER
International Standard Book Number 9788131725313
040 ## - CATALOGING SOURCE
Transcribing agency LIBRARY
082 ## - DEWEY DECIMAL CLASSIFICATION NUMBER
Classification number 621.3822 PHI
100 ## - MAIN ENTRY--PERSONAL NAME
9 (RLIN) 8657
Personal name Phillips, Charles L.
245 ## - TITLE STATEMENT
Title Signals, systems & transforms
Statement of responsibility, etc. Charles L. Phillips
250 ## - EDITION STATEMENT
Edition statement 4th ed.
260 ## - PUBLICATION, DISTRIBUTION, ETC.
Date of publication, distribution, etc. c.2008
650 ## - SUBJECT ADDED ENTRY--TOPICAL TERM
9 (RLIN) 8659
Topical term or geographic name entry element Electrical Engineering
General subdivision EE
942 ## - ADDED ENTRY ELEMENTS (KOHA)
Source of classification or shelving scheme
Koha item type Book
Holdings
Withdrawn status Lost status Source of classification or shelving scheme Damaged status Not for loan Permanent Location Current Location Shelving location Date acquired Total Checkouts Full call number Barcode Date last seen Date last checked out Price effective from Koha item type
          Pakistan Navy Engineering College (PNEC) Pakistan Navy Engineering College (PNEC)     2 621.3822 PHI PNECLIB-030804 06/02/2016 02/16/2016   Book
          Pakistan Navy Engineering College (PNEC) Pakistan Navy Engineering College (PNEC)     2 621.3822 PHI PNECLIB-030815 10/27/2016 10/27/2016   Book
          Pakistan Navy Engineering College (PNEC) Pakistan Navy Engineering College (PNEC)     6 621.3822 PHI PNECLIB-030807 06/02/2016 04/05/2016   Book
          Pakistan Navy Engineering College (PNEC) Pakistan Navy Engineering College (PNEC)     4 621.3822 PHI PNECLIB-030816 06/02/2016 04/06/2016   Book
          Pakistan Navy Engineering College (PNEC) Pakistan Navy Engineering College (PNEC)     2 621.3822 PHI PNECLIB-030814 06/02/2016 02/04/2016   Book
          Pakistan Navy Engineering College (PNEC) Pakistan Navy Engineering College (PNEC)       621.3822 PHI PNECLIB-030813 09/12/2015     Book
          Pakistan Navy Engineering College (PNEC) Pakistan Navy Engineering College (PNEC)     2 621.3822 PHI PNECLIB-030805 04/22/2016 03/21/2016   Book
          Pakistan Navy Engineering College (PNEC) Pakistan Navy Engineering College (PNEC)     4 621.3822 PHI PNECLIB-030803 06/02/2016 03/24/2016   Book
          Pakistan Navy Engineering College (PNEC) Pakistan Navy Engineering College (PNEC)     5 621.3822 PHI PNECLIB-030802 06/06/2016 05/21/2016   Book
© 2023 Central Library, National University of Sciences and Technology. All Rights Reserved.